000 00854nam a2200301Ia 4500
003 OSt
005 20221006142245.0
006 a|||||r|||| 00| 0
007 ta
008 221006b |||||||| |||| 00| 0 eng d
020 _a0700704744
_c£75.00
020 _a9780700704743
024 _a5,821
037 _cTextual
040 _aEASL
_cEASL
_beng
041 _2eng
_aeng
082 _aV41:19498.N9, P1
100 _aNORBU Dawa
_9123514
245 0 _aChina's Tibet policy
260 _aSurrey
_bCurzon Great Britain
_c2001
300 _a470p.
_ccm.
490 _aDurham East Asia Series; Dept. of EAS
650 _a CEL
650 _a International Relations - Tibet
_9647267
650 _aForeign relations - China - Tibet
_9647268
942 _hV41:19498.N9, P1
_cTEXL
_2CC
999 _c1073907
_d1073907